Les conséquences économiques de Mai 68 (Registro nro. 311627)
[ vista simple ]
| 000 -ENCABEZADO | |
|---|---|
| Número de control [NR] | 00951 a2200241 4500 |
| 005 - FECHA Y HORA DE LA ÚLTIMA TRANSACCIÓN | |
| control field | 20190326110942.0 |
| 008 - DE LONGITUD FIJA DE DATOS DE ELEMENTOS - INFORMACIÓN GENERAL | |
| Elementos de longitud fija [NR] | 190322s2018 be ||||| |||| 00| 0 eng d |
| 020 ## - NUMERO INTERNACIONAL NORMALIZADO PARA LIBROS [R] | |
| Número Internacional Normalizado del libro [NR] | 9782807608733 |
| 040 ## - FUENTE DE CATALOGACION [NR] | |
| Agencia de catalogación original [NR] | CO-BoUCM |
| Idioma de catalogación [NR] | spa |
| Quien Cataloga | Saul Niño |
| Quien Clasifica | Saul Niño |
| 041 0# - CODIGO DE IDIOMA [R] | |
| Código de idioma para texto/pista de sonido o título separado [R] | Francés |
| 100 10 - ASIENTO PRINCIPAL--NOMBRE PERSONAL [NR] | |
| Nombre personal [NR] | Dubois, Mathieu |
| ID Autoridad | 95857 |
| 245 14 - MENCION DE TITULO [NR] | |
| Título [NR] | Les conséquences économiques de Mai 68 |
| Parte restante del título [NR] | du désordre social français à l'ordre monétaire européen |
| Mención de responsabilidad, etc. [NR] | Mathieu Dubois |
| 260 ## - PUBLICACION, DISTRIBUCION, ETC. (PIE DE IMPRENTA) [R] | |
| Lugar de publicación, distribución, etc. [R] | Bruxelles |
| Nombre del editor, distribuidor, etc. [R] | Wien P.I.E. Peter Lang |
| Fecha de publicación, distribución, etc. [R] | 2018 |
| 300 ## - DESCRIPCION FISICA [R] | |
| Extensión [R] | 326 páginas |
| 490 0# - MENCION DE SERIE [R] | |
| Mención de serie [R] | Allemagne dans les relations internationales |
| 546 ## - NOTA DE IDIOMA [R] | |
| Nota de idioma [NR] | Texto en francés |
| 650 #7 - ASIENTO SECUNDARIO DE MATERIA - TERMINO TEMATICO [R] | |
| 9 (RLIN) | 19847 |
| Término temático o nombre geográfico como elemento de entrada [NR] | Movimientos sociales |
| Subdivisión general [R] | Aspectos económicos |
| 650 #7 - ASIENTO SECUNDARIO DE MATERIA - TERMINO TEMATICO [R] | |
| 9 (RLIN) | 25973 |
| Término temático o nombre geográfico como elemento de entrada [NR] | Uniones monetarias |
| Subdivisión general [R] | Economía |
| 651 ## - ASIENTO SECUNDARIO DE MATERIA - NOMBRE GEOGRAFICO [R] | |
| Nombre geográfico [NR] | Francia |
| Subdivisión general [R] | Condiciones económicas |
| 9 (RLIN) | 95858 |
| 651 ## - ASIENTO SECUNDARIO DE MATERIA - NOMBRE GEOGRAFICO [R] | |
| Nombre geográfico [NR] | Francia |
| Subdivisión general [R] | Relaciones económicas exteriores |
| Subdivisión geográfica [R] | Alemania |
| 9 (RLIN) | 95859 |
| 942 ## - ELEMENTOS DE ENTRADA AGREGADOS (KOHA) | |
| Tipo de ítem principal el descrito en 300a | Libro |
| Sistema de clasificación | DEWEY |
| Tema principal | Economía |
| Edición | 1 |
| Clasificación | 330.904 |
| Parte restante de la signatura top. | D815c |
| Total préstamos | Signatura topográfica | Código de barras | Última vez visto | Ejemplar | Costo de reposición | Price effective from | Tipo de ítem | Perdido | Sistema de clasificación | Dañado | No prestable | Tipo de ítem específico | Suprimido | Ubicación habitual | Ubicación actual | Localización | Fecha de creación | Proveedor | Forma de adquisición | Costo |
|---|---|---|---|---|---|---|---|---|---|---|---|---|---|---|---|---|---|---|---|---|
| 330.904 D815c | 100159441 | 03/12/2025 | Ej.1 | 243943.00 | 15/03/2019 | Libro | DEWEY | Libro | Claustro | Claustro | Mezanine | 15/03/2019 | 19 | Compra | 243943.00 |